Gambit Pegasa /

Hlavní autor: Il'jin, Jevgenij Il'jič, 1922-1987
Jazyk: Ruština
Vydáno: Moskva : Fizkul'tura i sport, 1981
Témata:
Fyzický popis: 111 s.
Knihy
Uloženo v:
LEADER 00668nam a22002052a 4500
001 000447854
003 CZ BrMZK
005 20100709123019.0
008 990307s1981 ru f rus d
040 |a BOA001  |b cze 
080 |a 794.1  |2 MRF 
100 1 |a Il'jin, Jevgenij Il'jič,  |d 1922-1987  |7 mzk2010585438  |4 aut 
245 1 0 |a Gambit Pegasa /  |c Jevgenij Il'jič Il'jin. 
260 |a Moskva :  |b Fizkul'tura i sport,  |c 1981 
300 |a 111 s. 
910 |a BOA001  |b PK-Š-0001.358 
964 |a Šachisté sovětští - karikatury 
964 |a Šachy - básně 
990 |a BK 
996 7 |b 3119833719  |c PK-Š-0001.358  |l MZK  |r Sklad / do 1 hodiny  |n 0  |w 000447854  |u 000010  |a 1  |e BOA001  |j MZK50  |s A